000
00336nam a22001697a 4500
003
UA-OsUOA
001
4302
007
ta
008
20050721b un ||||| |||| 00| 0 ukr d
100
_a
Durr
700
_a
William K.
942
_c
BK
040
_a
UA-OsUOA
_c
UA-OsUOA
_d
UA-OsUOA
245
_a
Gateways.
955
_a
2
650
7
_2
UDC
999
_c
290464
_d
290464